Механизм импульсной подачи сварочной проволоки; Современные техника и технологии; Т. 1

Opis bibliograficzny
Parent link:Современные техника и технологии: 12-я международная научно-практическая конференция студентов, аспирантов и молодых ученых, г. Томск, 27 марта - 31 марта 2006 г./ Томский политехнический университет.— , 2006
Т. 1.— 2006.— С. 225-227
1. autor: Седнев В. В. Вячеслав Владимирович
Kolejni autorzy: Крюков А. В. Артем Викторович, Брунов О. Г. Олег Геннадьевич
Język:rosyjski
Wydane: 2006
Hasła przedmiotowe:
Format: Rozdział
KOHA link:https://koha.lib.tpu.ru/cgi-bin/koha/opac-detail.pl?biblionumber=113457

MARC

LEADER 00000naa2a2200000 4500
001 113457
005 20231101215128.0
035 |a (RuTPU)RU\TPU\book\122712 
090 |a 113457 
100 |a 20070411d2006 k y0rusy50 ca 
101 0 |a rus 
102 |a RU 
200 1 |a Механизм импульсной подачи сварочной проволоки  |f В. В. Седнев, А. В. Крюков, О. Г. Брунов 
320 |a Библиогр.: 11 назв. 
461 1 |0 (RuTPU)RU\TPU\book\111998  |t Современные техника и технологии  |o 12-я международная научно-практическая конференция студентов, аспирантов и молодых ученых, г. Томск, 27 марта - 31 марта 2006 г.  |o труды в 2 т.  |f Томский политехнический университет  |d 2006 
463 0 |0 (RuTPU)RU\TPU\book\111471  |t Т. 1  |v С. 225-227  |d 2006  |p 524 с. 
610 1 |a сварочная проволока 
610 1 |a подача проволоки 
610 1 |a импульсная подача 
610 1 |a импульсно-дуговая сварка 
610 1 |a дуговая сварка 
610 1 |a плазменная сварка 
610 1 |a углекислый газ 
610 1 |a сварочное оборудование 
610 1 |a труды учёных ТПУ 
700 1 |a Седнев  |b В. В.  |c специалист в области машиностроения  |c старший преподаватель Юргинского технологического института Томского политехнического университета  |f 1976-  |g Вячеслав Владимирович  |2 stltpush  |3 (RuTPU)RU\TPU\pers\30726  |9 14997 
701 1 |a Крюков  |b А. В.  |c специалист в области сварочного производства  |c доцент Юргинского технологического института (филиала) Томского политехнического университета, кандидат технических наук  |f 1979-  |g Артем Викторович  |2 stltpush  |3 (RuTPU)RU\TPU\pers\24492  |9 10815 
701 1 |a Брунов  |b О. Г.  |c доцент, кандидат технических наук  |c Юргинский технологический институт (филиал) Томского политехнического университета  |g Олег Геннадьевич  |2 stltpush  |3 (RuTPU)RU\TPU\pers\24203  |9 10701 
801 1 |a RU  |b 63413507  |c 20070411  |g PSBO 
801 2 |a RU  |b 63413507  |c 20151103  |g RCR 
942 |c BK